000 00336nam a22001457a 4500
003 OSt
008 240224b |||||||| |||| 00| 0 eng d
020 _a9789384067560
100 _aDEVDUTT,Pattanaik
245 _aBusiness Sutra
250 _a1st Ed
260 _aNew Delhi
_bAleph Publishers
_c2015
300 _a435
942 _2ddc
_cBK
999 _c12237
_d12237